| 000 | 00965nam a22002535a 4500 | ||
|---|---|---|---|
| 003 | OSt | ||
| 005 | 20161219141044.0 | ||
| 008 | 161219s2006 ua frb 000 0 ara d | ||
| 015 | _a2006/5614 | ||
| 020 | _a9770449526 | ||
| 040 |
_aEG-ScBUE _bara _cEG-ScBUE |
||
| 043 | _af-ua--- | ||
| 082 | 0 | 4 |
_a344.6201 _bأ ح م _222 |
| 100 | 1 | _aأحمد، صلاح محمد. | |
| 245 | 1 | 0 |
_aبطلان عقد العمل وآثاره على حقوق العامل في علاقات العمل الفردية : _bدراسة مقارنة / _cصلاح محمد أحمد. |
| 260 |
_a[القاهرة : _bد. ن.]، _c2006. |
||
| 300 |
_a170 ص. ؛ _c24 سم. |
||
| 504 | _aيشتمل على إرجاعات ببليوجرافية. | ||
| 650 | 7 |
_aعقود العمل _xقوانين وتشريعات _zمصر. _2BUEsh |
|
| 650 | 7 |
_aالعمل والعمال _xقوانين وتشريعات _zمصر. _2BUEsh _910938 |
|
| 651 | _2BUEsh | ||
| 653 |
_bLLAAWW _cDecember2016 |
||
| 942 | _2ddc | ||
| 999 |
_c23632 _d23604 |
||